Statistics for Countries that Were Never Invaded by Britain

Click here to take the quiz!

General Stats

  • This quiz has been taken 19 times
  • The average score is 10 of 22

Answer Stats

ContinentCountry% Correct
EuropeAndorra
78%
EuropeVatican City
67%
AfricaCongo
61%
South AmericaBolivia
56%
South AmericaParaguay
50%
EuropeSweden
50%
EuropeBelarus
44%
AfricaChad
44%
AsiaKyrgyzstan
44%
EuropeLiechtenstein
44%
AfricaMali
44%
AsiaMongolia
44%
AsiaTajikistan
44%
AsiaUzbekistan
44%
AfricaCentral African Republic
39%
EuropeLuxembourg
39%
EuropeMonaco
39%
AfricaBurundi
33%
OceaniaMarshall Islands
28%
North AmericaGuatemala
22%
AfricaSao Tome and Principe
22%
AfricaIvory Coast
17%

Score Distribution

Percentile by Number Answered

Percent of People with Each Score

Your Score History

You have not taken this quiz